| 000 -LEADER |
| fixed length control field |
00777cam a22002417a 4500 |
| 020 ## - INTERNATIONAL STANDARD BOOK NUMBER |
| ISBN |
9789251067956 |
| 020 ## - INTERNATIONAL STANDARD BOOK NUMBER |
| ISBN |
9251067953 |
| 040 ## - CATALOGING SOURCE |
| Transcribing agency |
NLE |
| 082 ## - DEWEY DECIMAL CLASSIFICATION NUMBER |
| Classification number |
338 FOO 2011 A016 Or. |
| 100 1# - MAIN ENTRY--AUTHOR NAME |
| Personal name |
Turral, Hugh. |
| 245 10 - TITLE STATEMENT |
| Title |
Climate change, water and food security / |
| 260 ## - PUBLICATION, DISTRIBUTION, ETC. (IMPRINT) |
| Place of publication |
Rome : |
| Name of publisher |
Food and Agriculture Organization of the United Nations, |
| Year of publication |
2011. |
| 300 ## - PHYSICAL DESCRIPTION |
| Number of Pages |
xxvi, 174 p. : |
| Other physical details |
col. ill., col. map. ; |
| Dimensions |
30 cm. |
| 490 1# - SERIES STATEMENT |
| Series statement |
FAO water reports, |
| 650 #0 - SUBJECT ADDED ENTRY--TOPICAL TERM |
| Topical Term |
Water-supply, Agricultural. |
| 650 #0 - SUBJECT ADDED ENTRY--TOPICAL TERM |
| Topical Term |
Food security. |
| 650 #0 - SUBJECT ADDED ENTRY--TOPICAL TERM |
| Topical Term |
Climatic changes. |
| 700 1# - ADDED ENTRY--PERSONAL NAME |
| Personal name |
Burke, Jacob J. |
| 700 1# - ADDED ENTRY--PERSONAL NAME |
| Personal name |
Faurès, Jean-Marc. |
| 710 2# - ADDED ENTRY--CORPORATE NAME |
| Corporate name or jurisdiction name as entry element |
Food and Agriculture Organization of the United Nations. |
| 856 41 - ELECTRONIC LOCATION AND ACCESS |
| Uniform Resource Identifier |
http://www.fao.org/docrep/014/i2096e/i2096e.pdf |
| 942 ## - ADDED ENTRY ELEMENTS (KOHA) |
| Koha item type |
សៀវភៅភាសាអង់គ្លេស |
| 952 ## - LOCATION AND ITEM INFORMATION (KOHA) |
| Withdrawn status [LOCAL, KOHA] |
0 |